000 00306 a2200157 4500
001 74459
020 _a
040 _cAnchieta - Colégio São Paulo
100 _aTavares, Odorico
240 1 0 _aCanudos
_lpor
245 1 0 _aCanudos
300 _a69
362 0 _a1993
650 4 _aBrasil
942 _cBK
999 _c74459
_d74459